Score 0/15 Timer 02:00
5 Plays Today
% Correct
Wicked Witch of the West
97.1%
Romeo and Juliet
96.9%
Peter Pan
96.6%
Sherlock Holmes
96.5%
Dracula
96.5%
Harry Potter
96.5%
Mary Poppins
95.7%
Willy Wonka
95.6%
% Correct
Alice
93.2%
Christian Grey
92%
Scarlett O'Hara
91.8%
Oliver Twist
91.1%
Daenerys Targaryen
88.6%
Mr. Darcy
80.4%
Bilbo Baggins
77%
Remove Ads.
Support Sporcle.
Get the best of Sporcle when you Go Orange. This ad-free experience offers more features, more stats, and more fun while also helping to support Sporcle. Thank you for becoming a member.

You're not logged in!

Compare scores with friends on all Sporcle quizzes.
OR
Log In

Show Comments

Extras

Top Quizzes Today


Score Distribution

Your Account Isn't Verified!

In order to create a playlist on Sporcle, you need to verify the email address you used during registration. Go to your Sporcle Settings to finish the process.

Report this User

Report this user for behavior that violates our Community Guidelines.

Details: